Idina Menzel Filmography - Statistics

General Stats
  • This quiz has been taken 62 times
    4 since last reset
  • The average score is 32 of 110
Answer Stats
Type Year Name % Correct
Film 2013 Frozen
100%
Film 2019 Frozen II
100%
TV Show 2010-2013 Glee
75%
Film 2019 Uncut Gems
75%
Theater 2003-2006 Wicked
75%
Film 2004 Wicked
75%
Film 2024 Wicked
75%
Film 2021 Cinderella
50%
Film 2022 Disenchanted
50%
TV Show 1998 Disney's Hercules: The Animated Series
50%
Film 2007 Enchanted
50%
Short Film 2015 Frozen Fever
50%
Film 2027 Frozen III
50%
Film TBA Frozen IV
50%
Short Film 2017 Olaf's Frozen Adventure
50%
Theater 1994, 1996-1997 RENT
50%
Film 2005 Rent
50%
Web Series 2023 RuPaul's Drag Race All Stars
50%
Theater 2000-2002 Aida
25%
Commercial 2016 American Express
25%
TV Show 2010 American Idol
25%
Film 2022 American Murderer
25%
TV Show 2017 Ant & Dec's Saturday Night Takeaway
25%
TV Show 2015 Arthur
25%
Film 2006 Ask the Dust
25%
TV Special 2018 A Very Wicked Halloween: Celebrating 15 Years on Broadway
25%
TV Film 2017 Beaches
25%
Film 2007 Beowulf
25%
TV Show 2006 Blue Peter
25%
TV Special 2004 Broadway on Broadway
25%
Documentary Mini-Series 2004 Broadway: The American Musical
25%
TV Show 2019 CBeebies Bedtime Story
25%
TV Show 2022 Celebrity IOU
25%
Theater 2008 Chess in Concert
25%
TV Special 2006 Children in Need
25%
TV Special 2016 CMA Country Christmas
25%
TV Show 2016 Dancing with the Stars
25%
TV Documentary 2023 Disney 100: A Century of Dreams - A Special Edition of 20/20
25%
Video Game 2013 Disney Infinity
25%
Video Game 2014 Disney Infinity 2.0
25%
Video Game 2015 Disney Infinity 3.0
25%
TV Special 2016 Disneyland 60th Anniversary TV Special
25%
Theater 2002 Funny Girl
25%
Commercial 2020 GEICO
25%
TV Show 2009 Great Performances
25%
Theater 2023 Gutenberg!
25%
Theater 2001 Hair
25%
Web Special 2022 Harmonious Live!
25%
TV Special 2012 Idina Menzel Live: Barefoot at the Symphony
25%
Concert Film 2022 Idina Menzel: Which Way to the Stage?
25%
Theater 2013-2016 If/Then
25%
Documentary Series 2020 Into the Unknown: Making Frozen 2
25%
TV Show 2022 Jeopardy!
25%
Web Series 2017 Julie's Greenroom
25%
Film 2002 Just a Kiss
25%
Film TBA Just Picture It
25%
TV Special 2021 Kenny Rogers - All in for the Gambler
25%
TV Show 2005 Kevin Hill
25%
Video Game 2019 Kingdom Hearts III
25%
Film 2001 Kissing Jessica Stein
25%
Film TBA Latchkey Kids
25%
TV Show 2003 Late Show with David Letterman
25%
TV Mini-Series 2016 Lego Frozen Northern Lights
25%
Documentary 2013 Marvin Hamlisch: What He Did for Love
25%
TV Special 2018 Mickey's 90th Spectacular
25%
TV Special 2021 Musicals: The Greatest Show
25%
TV Special 2008 National Memorial Day Concert
25%
Theater 2008 Nero
25%
Short Film 2020 Once Upon a Snowman
25%
Short Film 2023 Once Upon a Studio
25%
TV Show 2009 Private Practice
25%
Film 2018 Ralph Breaks the Internet
25%
Theater 2024-2025 Redwood
25%
TV Show 2004 Rescue Me
25%
Web Series 2023 RuPaul's Drag Race All Stars: Untucked!
25%
Theater 2005 See What I Wanna See
25%
TV Show 2010 Sesame Street
25%
Documentary 2007 ShowBusiness: The Road to Broadway
25%
Theater 2018-2019 Skintight
25%
TV Show 2009 Soundstage
25%
TV Show 2019 Strictly Come Dancing
25%
Theater 2000 Summer of '42
25%
Concert Film 2015 Taylor Swift: The 1989 World Tour Live
25%
TV Special 2019 The 21st Annual 'A Home for the Holidays'
25%
TV Special 2020 The Disney Family Singalong: Volume II
25%
TV Show 2011 The Glee Project
25%
TV Special 2008 The Kennedy Center Honors: A Celebration of the Performing Arts
25%
TV Special 2015 The Nation's Favourite Disney Song
25%
TV Special 2006 The Royal Variety Performance
25%
Film 2004 The Tollbooth
25%
Theater 2002 The Vagina Monologues
25%
Theater 2000, 2002 The Wild Party
25%
TV Special 2022 The Wonderful World of Disney: Magical Holiday Celebration
25%
TV Show 2014 The X Factor UK
25%
Film 2004 Water
25%
TV Special 2021 Wicked in Concert
25%
Short Documentary 2004 Wicked: The Road to Broadway
25%
Theater 2021 Wild
25%
TV Show 2010 Wonder Pets!
25%
Film 2023 You Are SO Not Invited to My Bat Mitzvah!
25%
TV Documentary 2020 A&E Biography: Kenny Rogers
0%
TV Special 2023 Adam Sandler: The Kennedy Center Mark Twain Prize for American Humor
0%
TV Special 2016 AFI Life Achievement Award: A Tribute to John Williams
0%
TV Special 2014 Christmas in Rockefeller Center
0%
Concert Film 2019 Josh Groban Bridges Live from Madison Square Garden
0%
TV Special 2019 RENT: Live
0%
Documentary 2020 Repeat Attenders
0%
TV Special 2020 Rise Up New York: The Robin Hood Relief Benefit
0%
Web Special 2020 The Rosie O'Donnell Show: A Benefit for the Actors Fund
0%
TV Show 2018 Undercover Boss
0%
No matching quizzes found
Score Distribution
Percent of People with Each Score
Percentile by Number Answered
Your Score History
You have not taken this quiz since the last reset